<?xml version='1.0' encoding='UTF-8'?>
  <record xmlns="http://www.loc.gov/MARC21/slim">
    <leader>00000ckm a2200000 i 4500</leader>
    <controlfield tag="001">on1052553368</controlfield>
    <controlfield tag="003">OCoLC</controlfield>
    <controlfield tag="005">20230424061118.3</controlfield>
    <controlfield tag="007">kl bo|</controlfield>
    <controlfield tag="008">180914s1723    ne nnn f          lndut d</controlfield>
    <datafield tag="040" ind1=" " ind2=" ">
      <subfield code="a">QGJ</subfield>
      <subfield code="b">eng</subfield>
      <subfield code="e">rda</subfield>
      <subfield code="c">QGJ</subfield>
      <subfield code="d">OCLCF</subfield>
      <subfield code="d">OCLCQ</subfield>
      <subfield code="d">QGJ</subfield>
    </datafield>
    <datafield tag="035" ind1=" " ind2=" ">
      <subfield code="a">(OCoLC)1052553368</subfield>
    </datafield>
    <datafield tag="100" ind1="1" ind2=" ">
      <subfield code="a">Slegt, Gerbrand,</subfield>
      <subfield code="d">1677-1739,</subfield>
      <subfield code="e">draftsman.</subfield>
      <subfield code="4">drm</subfield>
    </datafield>
    <datafield tag="245" ind1="1" ind2="4">
      <subfield code="a">Een fergat schip lang oversteven 135 voet genaamt Pallas :</subfield>
      <subfield code="b">waar naar ook gemaakt is t schip Meervliet /</subfield>
      <subfield code="c">door Gerbrant Slegt, en slegt uyt gevallen.</subfield>
    </datafield>
    <datafield tag="246" ind1="3" ind2=" ">
      <subfield code="a">Fregatschip genaamd Pallas</subfield>
    </datafield>
    <datafield tag="264" ind1=" " ind2="1">
      <subfield code="a">[The Netherlands],</subfield>
      <subfield code="c">[1724]</subfield>
    </datafield>
    <datafield tag="300" ind1=" " ind2=" ">
      <subfield code="a">1 manuscript ink drawing ;</subfield>
      <subfield code="c">47 x 73 cm</subfield>
    </datafield>
    <datafield tag="336" ind1=" " ind2=" ">
      <subfield code="a">still image</subfield>
      <subfield code="b">sti</subfield>
      <subfield code="2">rdacontent</subfield>
    </datafield>
    <datafield tag="337" ind1=" " ind2=" ">
      <subfield code="a">unmediated</subfield>
      <subfield code="b">n</subfield>
      <subfield code="2">rdamedia</subfield>
    </datafield>
    <datafield tag="338" ind1=" " ind2=" ">
      <subfield code="a">unspecified</subfield>
      <subfield code="b">zu</subfield>
      <subfield code="2">rdacarrier</subfield>
    </datafield>
    <datafield tag="500" ind1=" " ind2=" ">
      <subfield code="a">Drawing of the Dutch frigate 'Pallas' after which the 'Meervliet' was also constructed.</subfield>
    </datafield>
    <datafield tag="650" ind1=" " ind2="0">
      <subfield code="a">Warships in art.</subfield>
    </datafield>
    <datafield tag="650" ind1=" " ind2="7">
      <subfield code="a">Warships in art.</subfield>
      <subfield code="2">fast</subfield>
      <subfield code="0">(OCoLC)fst01170889</subfield>
    </datafield>
  </record>